| 000 | 00725nam a2200229 i 4500 | ||
|---|---|---|---|
| 001 | 100560 | ||
| 003 | ES-MaACL | ||
| 005 | 20250905161041.0 | ||
| 007 | t| | ||
| 008 | 050929s1944 sp ||||1| spa d | ||
| 080 | _a821.111-31"19" | ||
| 100 | 1 |
_aMason, A. E. W. _978752 |
|
| 245 | 1 | 4 |
_aLas cuatro plumas / _cpor Eduardo Woodley Mason ; traducción de Guillermo López Hipkiss ; viñetas de Emilio Freixas. |
| 260 |
_aBarcelona : _bTalls. Gráfs. Vives, _c1944. |
||
| 300 |
_a410 p. : _bil. ; _c21 cm. |
||
| 490 | 1 | _aPerseo | |
| 700 | 1 |
_aLópez Hipkiss, Guillermo, _d1902-1957 _973700 |
|
| 700 | 1 |
_aFreixas, Emilio. _952483 |
|
| 830 | 0 |
_aPerseo _9232439 |
|
| 852 |
_aES-MaACL _jF-6947 |
||
| 999 |
_c100560 _d100560 |
||